| 000 | 01095pam a2200325 a 4500 | ||
|---|---|---|---|
| 001 | 1894 | ||
| 003 | FISKH | ||
| 005 | 20231009092001.0 | ||
| 008 | 970812s1999 nyua b b 001 0 eng | ||
| 010 | _a 97031277 | ||
| 020 | _a9780516264790 | ||
| 040 |
_aDLC _cDLC _dDLC _beng |
||
| 042 | _alcac | ||
| 050 | 0 | 0 |
_aQC931.4 _b.F68 1999 |
| 082 | 0 | 0 |
_a551.51/8 _221 |
| 100 | 1 | _aFowler, Allan. | |
| 245 | 1 | 0 |
_aCan you see the wind? / _cby Allan Fowler. |
| 260 |
_aNew York : _bChildren's Press, _c1999. |
||
| 300 |
_a31 pages : _bcolor illustrations ; _c18 cm. |
||
| 440 | 0 | _aRookie read-about science | |
| 505 | _aI | ||
| 520 | _aA simple discussion of wind, the causes of air movements, and the uses of wind power. | ||
| 521 | 8 |
_a430
_bLexile |
|
| 521 | 8 |
_aI
_bRaz-Plus |
|
| 650 | 0 |
_aWinds _xJuvenile literature. |
|
| 650 | 1 | _aWinds. | |
| 906 |
_a7 _bcbc _corignew _d1 _eocip _f19 _gy-gencatlg |
||
| 942 |
_2ddc _cBK _n0 |
||
| 999 |
_c1894 _d1894 |
||